000 01014nac a22002891i 4500
003 EG-ScBUE
005 20260106103748.0
008 260106s2004 cau f b 000 0 eng d
020 _a1584880902 (acid-free paper)
020 _a9781584880905
040 _aEG-ScBUE
_beng
_erda
_cEG-ScBUE
_dEG-ScBUE
082 0 4 _a511.5
_bHAN
_222
245 0 0 _aHandbook of graph theory /
_cedited by Jonathan L. Gross, Jay Yellen.
246 3 0 _aGraph theory
264 1 _aBoca Raton :
_bCRC Press,
_c2004.
300 _a1167 pages :
_billustrations ;
_c26 cm
336 _2rdacontent
_atext
_btxt
337 _aunmediated
_2rdamedia
_bn
338 _avolume
_bnc
_2rdacarrier
504 _aIncludes bibliographical references and index.
650 7 _aGraph theory
_vHandbooks, manuals, etc.
_2BUEsh
655 _vReading book
700 1 _aGross, Jonathan L.,
_eeditor.
700 1 _aYellen, Jay,
_eeditor.
856 4 2 _3Publisher description
_uhttp://www.loc.gov/catdir/enhancements/fy0646/2003065270-d.html
942 _cNB
_2ddc
999 _c2009
_d2009